000 00417nam a2200169Ia 4500
008 180921t2018 xxu||||| |||| 00| 1 sin d
041 _asin
080 _aX8C31
_bSEK
100 _aSekara, Mahagama
245 _aතුංමංහංදිය
246 _aThun Man Handiya
260 _bGodage
_aColombo
_c2018
300 _a112p., 21cm
942 _cBK
999 _c8771
_d8771
003 LK-CoDNM
040 _aLK-CoDNM
_dLK-CoDNM
_eLK-CoDNM